000 01089nam a2200277 a 4500
001 47149
003 BD-RjUL
005 20211209054251.0
008 160807s1932 enk 000 0 eng d
035 _a(BD-RjUL)47268
040 _aDLC
_cOCP
_dEQO
_dBD-RjUL
_beng
041 _aeng
082 _a378.54
_223
_bANC 1932
100 1 _aAnderson, G.
_q(George),
_d1876-
_9143571
245 1 0 _aChristian education in India /
_cby Sir George Anderson and the Rt. Rev. Henry Whitehead
260 _aLondon :
_bMacmillan and Co., limited,
_c1932.
300 _aviii, 116 p.
_c20 cm
500 _aDevoted largely to the examination of the Report of the Commission on Christian higher education in India, and its recommendations. cf. Introd
610 2 0 _aCommission on Christian higher education in India.
_bThe Christian college in India
_9143572
650 0 _aChurch and college
_9143573
650 0 _aUniversities and colleges
_zIndia
_9143574
650 0 _aEducation, Higher
_9143575
650 0 _aMissions
_zIndia
_9143576
700 1 _aWhitehead, Henry,
_d1853-1947.
_9143577
942 _2ddc
_cBK
999 _c47149
_d47149